00588nam a2200217 a 4500001001300000003000900013005001700022008004100039020000800080082001700088100001700105245002200122260003600144500003500180505001000215700001700225902000800242942000700250952009600257999001700353nice12345678IN_TiNIC20260116013852.0050524s0000 lona grp 000 0 eng  ac000a361.763bGUI aGuigt, Irene aMyth of Community aLondonbWatts and Companyc0000 aincludes index and biblioraphy2 aIndex1 aGuigt, Irene bSRS cBK 00114070aHMIbHMId2005-05-24g0.00l0o361.763 GUIp019510r2005-05-24w2026-01-16yBK c12871d12871